Central Library OPAC University of Rajshahi

মুসলিম কবির পদ-সাহিত্য / (Record no. 38428)

MARC details
000 -LEADER
fixed length control field 00901nam a2200217 a 4500
001 - CONTROL NUMBER
control field 38428
003 - CONTROL NUMBER IDENTIFIER
rucl marc code BD-RjUL
005 - DATE AND TIME OF LATEST TRANSACTION
control field 20211209052808.0
008 - FIXED-LENGTH DATA ELEMENTS--GENERAL INFORMATION
fixed length control field 140904s1961 bg a|||| |||| 00| 0 ben d
035 ## - SYSTEM CONTROL NUMBER
System control number (BD-RjUL)38533
040 ## - CATALOGING SOURCE
Original cataloging agency BD-RjUL
Transcribing agency BD-RjUL
Language of cataloging eng
041 ## - LANGUAGE CODE
Language code of text/sound track or separate title ben
082 ## - DEWEY DECIMAL CLASSIFICATION NUMBER
Classification number 891.4409
Author mark and year SHM 1961
100 ## - MAIN ENTRY--PERSONAL NAME
Personal name শরীফ, আহমদ
9 (RLIN) 112230
245 ## - TITLE STATEMENT
Title মুসলিম কবির পদ-সাহিত্য /
Statement of responsibility, etc. আহমদ শরীফ
260 ## - PUBLICATION, DISTRIBUTION, ETC. (IMPRINT)
Place of publication, distribution, etc. ঢাকা বিশ্ববিদ্যালয় :
Name of publisher, distributor, etc. বাংলা বিভাগ,
Date of publication, distribution, etc. ১৯৬১.
300 ## - PHYSICAL DESCRIPTION
Pagination [ত], ১৯৫ পৃ. ;
Size ২৪ সেমি.
650 ## - SUBJECT ADDED ENTRY--TOPICAL TERM
Topical term or geographic name as entry element বাংলা সাহিত্য
9 (RLIN) 78921
General subdivision মুসলিম লেখক
-- ইতিহাস ও সমালোচনা
Topical term or geographic name as entry element Bengali literature
9 (RLIN) 112198
General subdivision Muslim authors
-- History and criticism.
942 ## - ADDED ENTRY ELEMENTS (KOHA)
Source of classification or shelving scheme Dewey Decimal Classification
Koha item type Books
Holdings
Lost status Source of classification or shelving scheme Damaged status Not for loan Collection code Permanent Location Current Location Shelving location Date acquired Source of acquisition Cost, normal purchase price Total Checkouts Full call number Date last seen Copy number Koha item type Date checked out Total Renewals
  Dewey Decimal Classification   Not For Loan Non-fiction Central Library, University of Rajshahi Central Library, University of Rajshahi Reading Room 19/07/1968 Nawroje 2.50   B 891.4409 SHM 1961 01/12/2015 C-1 Books    
  Dewey Decimal Classification     Non-fiction Central Library, University of Rajshahi Central Library, University of Rajshahi   21/12/2015     4 B 891.4409 SHM 1961 23/07/2017 C-2 Books 15/05/2017  
  Dewey Decimal Classification     Non-fiction Central Library, University of Rajshahi Central Library, University of Rajshahi   09/02/1965 Ideal 2.50   B 891.4409 SHM 1961 10/02/2016 C-3 Books    
  Dewey Decimal Classification     Non-fiction Central Library, University of Rajshahi Central Library, University of Rajshahi   09/02/1965 Ideal library 2.50   B 891.4409 SHM 1961 10/02/2016 C-4 Books    
  Dewey Decimal Classification     Non-fiction Central Library, University of Rajshahi Central Library, University of Rajshahi   19/07/1968 Nawrose 2.50   B 891.4409 SHM 1961 10/02/2016 C-5 Books    
  Dewey Decimal Classification     Non-fiction Central Library, University of Rajshahi Central Library, University of Rajshahi   09/02/1965 Ideal 2.50   B 891.4409 SHM 1961 10/02/2016 C-6 Books    
  Dewey Decimal Classification     Non-fiction Central Library, University of Rajshahi Central Library, University of Rajshahi   23/02/1967 Nawrose 2.50   B 891.4409 SHM 1961 10/02/2016 C-7 Books    
  Dewey Decimal Classification     Non-fiction Central Library, University of Rajshahi Central Library, University of Rajshahi   09/02/1965 Ideal 2.50   B 891.4409 SHM 1961 10/02/2016 C-8 Books    
  Dewey Decimal Classification     Non-fiction Central Library, University of Rajshahi Central Library, University of Rajshahi   19/07/1968 Nawrose 2.50   B 891.4409 SHM 1961 10/02/2016 C-9 Books    
Lost and Paid For Dewey Decimal Classification     Non-fiction Central Library, University of Rajshahi Central Library, University of Rajshahi   19/07/1968 Nawroge 2.50 10 B 891.4409 SHM 1961 12/09/2024 C-10 Books 09/03/2023 1